| 000 | 00451nam a2200169Ia 4500 | ||
|---|---|---|---|
| 003 | GCL | ||
| 008 | 140319s9999 xx 000 0 eng d | ||
| 040 |
_aGCL / _cGCL |
||
| 082 | 0 | 4 |
_a384.33 _bB I |
| 100 | 1 | _aSADDLER, K.N | |
| 245 | 1 | 0 |
_aINTERNATIONAL TELECOMMUNICATIONS: PROFESSIONAL REFERENCE / _cSADDLER, K.N |
| 700 | 1 | _aC, ALBERT, H. | |
| 300 | _a446 | ||
| 650 | 0 | 4 | _aTELECOMMUNICATION |
| 650 | 0 | 4 | _aTELECOMMUNICATION - SYSTEMS |
| 942 |
_2ddc _cBK |
||
| 999 |
_c11614 _d11614 |
||